[Event "PNWCC-Bulgaria Hybrid m2"]
[Site "Chess.com INT"]
[Date "2021.12.23"]
[Round "12"]
[White "Heidari, Ako"]
[Black "Popov, Ilian"]
[Result "0-1"]
[WhiteElo "1793"]
[BlackElo "2104"]
[PlyCount "102"]
[EventDate "2021.12.18"]
[EventType "team-match"]
[EventRounds "12"]
[EventCountry "USA"]
[SourceTitle "CBM 206 Extra"]
[Source "ChessBase"]
[SourceDate "2022.03.31"]
[SourceVersion "1"]
[SourceVersionDate "2022.03.31"]
[SourceQuality "1"]
[WhiteTeam "PNWCC"]
[BlackTeam "Bulgaria"]
[WhiteTeamCountry "USA"]
[BlackTeamCountry "BUL"]

1. e4 c5 2. c3 Nf6 3. e5 Nd5 4. d4 cxd4 5. Nf3 e6 6. cxd4 Na6 7. a3 Be7 8. Bd3 Nac7 9. 0-0 b5 10. Qe2 Rb8 11. Nbd2 Nf4 12. Qe4 g5 13. Bb1 Bb7 14. Qc2 Ncd5 15. Ne4 Rc8 16. Qd1 Rxc1 17. Qd2 Rxf1+ 18. Kxf1 Qc7 19. Ba2 g4 20. Ne1 b4 21. Kg1 bxa3 22. bxa3 h5 23. Nd3 Nxd3 24. Qxd3 Qc6 25. Re1 h4 26. Bc4 Nf4 27. Qb3 Kf8 28. Bf1 h3 29. g3 Nd5 30. Rb1 Nb6 31. Bd3 Qd5 32. Qb2 d6 33. exd6 Bxd6 34. f4 gxf3 35. Nf2 f5 36. a4 Rh7 37. a5 Qxa5 38. d5 Nxd5 39. Nxh3 Bc5+ 40. Nf2 Qc3 41. Qxc3 Nxc3 42. Ra1 Ne4 43. Bxe4 fxe4 44. h4 e3 45. Nd3 f2+ 46. Kf1 Bd4 47. Ra4 e5 48. Ra2 Rg7 49. Nc1 Rxg3 50. Ke2 Bf3+ 51. Kd3 f1Q+ 0-1

[Event "PNWCC-Bulgaria Hybrid m2"]
[Site "Chess.com INT"]
[Date "2021.12.19"]
[Round "3"]
[White "Popov, Ilian"]
[Black "Liu, Kimberly"]
[Result "0-1"]
[WhiteElo "2104"]
[BlackElo "1889"]
[PlyCount "42"]
[EventDate "2021.12.18"]
[EventType "team-match"]
[EventRounds "12"]
[EventCountry "USA"]
[SourceTitle "CBM 206 Extra"]
[Source "ChessBase"]
[SourceDate "2022.03.31"]
[SourceVersion "1"]
[SourceVersionDate "2022.03.31"]
[SourceQuality "1"]
[WhiteTeam "Bulgaria"]
[BlackTeam "PNWCC"]
[WhiteTeamCountry "BUL"]
[BlackTeamCountry "USA"]

1. e4 e6 2. d4 d5 3. e5 c5 4. dxc5 Bxc5 5. Bd3 Nc6 6. Nf3 f6 7. Bf4 fxe5 8. Nxe5 Qf6 9. Qh5+ g6 10. Nxg6 hxg6 11. Bxg6+ Kf8 12. Qf3 Ke7 13. Bg5 Qxg5 14. Qf7+ Kd8 15. Nc3 Nge7 16. Bd3 Ne5 17. f4 Qh4+ 18. g3 Qxg3+ 19. hxg3 Rxh1+ 20. Ke2 Rh2+ 21. Kf1 Nxf7 0-1

[Event "BUL-chT2 64th"]
[Site "Sunny Beach"]
[Date "2015.06.06"]
[Round "7.2"]
[White "Popov, Ilian"]
[Black "Bochev, Krasimir"]
[Result "1/2-1/2"]
[WhiteElo "2172"]
[BlackElo "2116"]
[PlyCount "74"]
[EventDate "2015.05.31"]
[EventType "team-swiss"]
[EventRounds "7"]
[EventCountry "BUL"]
[SourceTitle "CBM 166 Extra"]
[Source "ChessBase"]
[SourceDate "2015.06.18"]
[SourceVersion "1"]
[SourceVersionDate "2015.06.18"]
[SourceQuality "1"]
[WhiteTeam "Sofia CSKA"]
[BlackTeam "Vratsa"]
[WhiteTeamCountry "BUL"]
[BlackTeamCountry "BUL"]

1. e4 g6 2. d4 Bg7 3. c4 d6 4. Nc3 Nf6 5. Be2 0-0 6. Be3 c5 7. d5 e6 8. f3 exd5 9. cxd5 a6 10. a4 Re8 11. g4 h5 12. g5 Nh7 13. h4 f5 14. gxf6 Bxf6 15. Bf2 Nd7 16. Nh3 Bxh4 17. Nf4 Bxf2+ 18. Kxf2 Ne5 19. Qd2 Qf6 20. Rag1 Kh8 21. Nd3 Bd7 22. Nxe5 Rxe5 23. Ke1 Rf8 24. a5 Be8 25. Nd1 Rg5 26. Qc3 Rxg1+ 27. Rxg1 Kg7 28. Ne3 Qxc3+ 29. bxc3 Kf6 30. Nc4 Ke7 31. Kd2 Nf6 32. Ke3 Rg8 33. f4 Bb5 34. Nd2 Bxe2 35. Kxe2 Kd7 36. c4 Ng4 37. Kf3 g5 1/2-1/2

[Event "BUL-chT2 64th"]
[Site "Sunny Beach"]
[Date "2015.05.31"]
[Round "1.2"]
[White "Raeva, Elitsa"]
[Black "Popov, Ilian"]
[Result "1-0"]
[WhiteElo "2323"]
[BlackElo "2172"]
[PlyCount "61"]
[EventDate "2015.05.31"]
[EventType "team-swiss"]
[EventRounds "7"]
[EventCountry "BUL"]
[SourceTitle "CBM 166 Extra"]
[Source "ChessBase"]
[SourceDate "2015.06.18"]
[SourceVersion "1"]
[SourceVersionDate "2015.06.18"]
[SourceQuality "1"]
[WhiteTeam "Kazanlak Alehin"]
[BlackTeam "Sofia CSKA"]
[WhiteTeamCountry "BUL"]
[BlackTeamCountry "BUL"]

1. d4 d5 2. Nf3 Nf6 3. e3 e6 4. Bd3 c5 5. b3 Nc6 6. 0-0 Qc7 7. Bb2 Bd7 8. Nbd2 Bd6 9. dxc5 Bxc5 10. e4 dxe4 11. Nxe4 Nxe4 12. Bxe4 Qf4 13. Qe2 0-0-0 14. Rad1 Bb6 15. Ne5 Be8 16. Rxd8+ Nxd8 17. Qc4+ Bc6 18. Bxc6 Qxc4 19. Bd7+ Kc7 20. bxc4 f6 21. Rd1 Bc5 22. Nd3 Kxd7 23. Nxc5+ Kc6 24. Ba3 b6 25. Nxe6 Nxe6 26. Rd6+ Kc7 27. Rxe6 Rd8 28. Kf1 Rd1+ 29. Ke2 Ra1 30. Bf8 Rxa2 31. Kd2 1-0

[Event "BUL-chT GpB 63rd"]
[Site "Sunny Beach"]
[Date "2013.09.23"]
[Round "7.6"]
[White "Popov, Ilian"]
[Black "Stoimenov, Plamen"]
[Result "1-0"]
[WhiteElo "2191"]
[BlackElo "1957"]
[PlyCount "61"]
[EventDate "2013.09.19"]
[EventType "team-tourn"]
[EventRounds "9"]
[EventCountry "BUL"]
[SourceTitle "CBM 156 Extra"]
[Source "ChessBase"]
[SourceDate "2013.10.22"]
[SourceVersion "1"]
[SourceVersionDate "2013.10.22"]
[SourceQuality "1"]
[WhiteTeam "Sofia CSKA"]
[BlackTeam "Sofia Slavia"]
[WhiteTeamCountry "BUL"]
[BlackTeamCountry "BUL"]

1. e4 d6 2. d4 g6 3. Be2 Bg7 4. c3 Nd7 5. Be3 a6 6. Nd2 b5 7. f4 Bb7 8. Bf3 e5 9. Ne2 Ne7 10. 0-0 0-0 11. a4 c6 12. b4 f5 13. axb5 cxb5 14. Qb3+ Kh8 15. fxe5 dxe5 16. Bg5 h6 17. Be3 f4 18. Bf2 g5 19. Bg4 Nf6 20. Be6 Nxe4 21. Nxe4 Bxe4 22. dxe5 f3 23. Rfd1 Qe8 24. Ng3 Bc6 25. Bd4 Ng6 26. Nf5 Rxf5 27. Bxf5 Nh4 28. g4 f2+ 29. Kxf2 Nxf5 30. gxf5 Qh5 31. Ke1 1-0

[Event "BUL-chT-B 62nd"]
[Site "Sunny Beach"]
[Date "2012.09.21"]
[Round "3.4"]
[White "Popov, Ilian"]
[Black "Kukov, Velislav"]
[Result "1/2-1/2"]
[WhiteElo "2206"]
[BlackElo "2397"]
[PlyCount "70"]
[EventDate "2012.09.19"]
[EventType "team-swiss"]
[EventRounds "7"]
[EventCountry "BUL"]
[SourceTitle "CBM 150 Extra"]
[Source "ChessBase"]
[SourceDate "2012.10.19"]
[SourceVersion "1"]
[SourceVersionDate "2012.10.19"]
[SourceQuality "1"]
[WhiteTeam "Sofia CSKA"]
[BlackTeam "Dupnitsa Marek Union"]
[WhiteTeamCountry "BUL"]
[BlackTeamCountry "BUL"]

1. e4 d6 2. d4 e5 3. Nf3 exd4 4. Nxd4 Nf6 5. Nc3 Be7 6. Be2 0-0 7. 0-0 Re8 8. f4 Bf8 9. Bf3 c5 10. Nb3 Nc6 11. Be3 a6 12. Rf2 Qc7 13. g4 Be6 14. g5 Nd7 15. f5 Bxb3 16. axb3 Nb4 17. Bf4 Ne5 18. Be2 b5 19. Bf1 c4 20. Nd5 Nxd5 21. Qxd5 Qb6 22. Kg2 Rac8 23. bxc4 bxc4 24. b3 Ng4 25. Re2 Rc5 26. Qd4 cxb3 27. cxb3 Qxb3 28. Rxa6 Ne5 29. Rf2 Rc2 30. Ra7 Nc6 31. Qa4 Rxf2+ 32. Kxf2 Qb2+ 33. Kg3 Qc3+ 34. Kg4 Nd4 35. Bg2 Nc6 1/2-1/2

[Event "Sofia MGU op 14th"]
[Site "Sofia"]
[Date "2010.08.08"]
[Round "4"]
[White "Metev, Martin"]
[Black "Popov, Ilian"]
[Result "1/2-1/2"]
[WhiteElo "2022"]
[BlackElo "2247"]
[PlyCount "82"]
[EventDate "2010.08.07"]
[EventType "swiss"]
[EventRounds "6"]
[EventCountry "BUL"]
[SourceTitle "CBM 137 Extra"]
[Source "ChessBase"]
[SourceDate "2010.09.01"]
[SourceVersion "1"]
[SourceVersionDate "2010.09.01"]
[SourceQuality "1"]

1. e4 c5 2. Nf3 e6 3. e5 Nc6 4. c3 f5 5. d4 cxd4 6. cxd4 Bb4+ 7. Nc3 Nge7 8. a3 Ba5 9. g3 Qc7 10. Bd2 a6 11. Bg2 b5 12. 0-0 Bb7 13. Rc1 Qb8 14. Re1 0-0 15. h4 h6 16. b4 Bb6 17. Be3 Nd8 18. a4 Nd5 19. Nxd5 Bxd5 20. a5 Ba7 21. h5 Qb7 22. Nh4 Bxg2 23. Nxg2 Nf7 24. Nh4 Rfc8 25. Qd2 Rc4 26. Ng6 Ng5 27. Nh4 Ne4 28. Qb2 Rac8 29. Ng6 Kf7 30. Red1 Nc3 31. Re1 Nd5 32. Qd2 Nxe3 33. fxe3 Qf3 34. Nf4 Qxg3+ 35. Kf1 Qf3+ 36. Kg1 Qe4 37. Rxc4 Rxc4 38. Rc1 Bb8 39. Rxc4 bxc4 40. Qc3 d6 41. Ng2 Qd3 1/2-1/2

[Event "Sofia MGU op 14th"]
[Site "Sofia"]
[Date "2010.08.07"]
[Round "1"]
[White "Popov, Ilian"]
[Black "Raykov, Stefan"]
[Result "1-0"]
[WhiteElo "2247"]
[BlackElo "1705"]
[PlyCount "65"]
[EventDate "2010.08.07"]
[EventType "swiss"]
[EventRounds "6"]
[EventCountry "BUL"]
[SourceTitle "CBM 137 Extra"]
[Source "ChessBase"]
[SourceDate "2010.09.01"]
[SourceVersion "1"]
[SourceVersionDate "2010.09.01"]
[SourceQuality "1"]

1. e4 e5 2. Nf3 d5 3. Nxe5 Bd6 4. d4 dxe4 5. Bc4 Bxe5 6. dxe5 Qxd1+ 7. Kxd1 Bg4+ 8. Ke1 Nd7 9. Bd5 0-0-0 10. Bxe4 Nxe5 11. f3 Nf6 12. Nc3 Nxe4 13. Nxe4 Nxf3+ 14. Kf2 Nd4 15. c3 Nc2 16. Rb1 Bf5 17. Ng3 Bg6 18. Bf4 Rhe8 19. Rbd1 h5 20. h4 b6 21. Rxd8+ Rxd8 22. Rc1 Kb7 23. Nf1 b5 24. Nd2 c5 25. a3 Rd7 26. Kf3 Kb6 27. g4 hxg4+ 28. Kxg4 Bd3 29. Kf3 b4 30. axb4 cxb4 31. cxb4 Nxb4 32. Rc8 Nc6 33. Be3+ 1-0

[Event "Sofia MGU op 11th"]
[Site "Sofia"]
[Date "2010.07.17"]
[Round "2"]
[White "Popov, Ilian"]
[Black "Andreev, Dobrotich"]
[Result "1-0"]
[WhiteElo "2247"]
[BlackElo "2046"]
[PlyCount "43"]
[EventDate "2010.07.17"]
[EventType "swiss"]
[EventRounds "6"]
[EventCountry "BUL"]
[SourceTitle "CBM 137 Extra"]
[Source "ChessBase"]
[SourceDate "2010.09.01"]
[SourceVersion "1"]
[SourceVersionDate "2010.09.01"]
[SourceQuality "1"]

1. e4 c6 2. d4 d5 3. exd5 cxd5 4. Bd3 Nc6 5. Nf3 g6 6. 0-0 Bg7 7. c3 Bf5 8. Na3 Bxd3 9. Qxd3 Nf6 10. Nc2 0-0 11. Re1 e6 12. Ne3 Ne4 13. Ng4 h5 14. Nge5 Nxe5 15. Nxe5 Bxe5 16. dxe5 Qh4 17. Be3 Rfc8 18. a4 Nc5 19. Qc2 Qc4 20. Red1 Qe4 21. Qxe4 Nxe4 22. Rd4 1-0

[Event "Sofia MGU op 10th"]
[Site "Sofia"]
[Date "2010.07.10"]
[Round "1"]
[White "Popov, Ilian"]
[Black "Petrov, Vladimir Sergeev"]
[Result "1-0"]
[WhiteElo "2247"]
[BlackElo "1690"]
[PlyCount "59"]
[EventDate "2010.07.10"]
[EventType "swiss"]
[EventRounds "6"]
[EventCountry "BUL"]
[SourceTitle "CBM 137 Extra"]
[Source "ChessBase"]
[SourceDate "2010.09.01"]
[SourceVersion "1"]
[SourceVersionDate "2010.09.01"]
[SourceQuality "1"]

1. e4 c5 2. Nf3 d6 3. d4 cxd4 4. Nxd4 Nf6 5. Nc3 a6 6. Be2 e5 7. Nb3 Be7 8. g4 h6 9. Be3 Be6 10. Bf3 Nbd7 11. Rg1 Rc8 12. Qd2 Nb6 13. Na5 Nc4 14. Nxc4 Bxc4 15. h4 Nd7 16. g5 hxg5 17. hxg5 Nc5 18. 0-0-0 b5 19. g6 f6 20. b3 b4 21. Nd5 Bxd5 22. Qxd5 Rf8 23. Bg4 Rc7 24. Rh1 Nd7 25. Rh8 Rxc2+ 26. Kxc2 Qc7+ 27. Kb1 Rxh8 28. Rc1 Qb8 29. Qc6 Qd8 30. Bb6 1-0

[Event "Sofia MGU op 09th"]
[Site "Sofia"]
[Date "2010.07.04"]
[Round "4"]
[White "Karastoyanov, Mihail"]
[Black "Popov, Ilian"]
[Result "1-0"]
[WhiteElo "2049"]
[BlackElo "2247"]
[PlyCount "85"]
[EventDate "2010.07.03"]
[EventType "swiss"]
[EventRounds "6"]
[EventCountry "BUL"]
[SourceTitle "CBM 137 Extra"]
[Source "ChessBase"]
[SourceDate "2010.09.01"]
[SourceVersion "1"]
[SourceVersionDate "2010.09.01"]
[SourceQuality "1"]

1. e4 c5 2. Nf3 e6 3. c3 Nf6 4. Bd3 Nc6 5. 0-0 Qc7 6. Bc2 b6 7. d4 cxd4 8. cxd4 Nb4 9. Nc3 Nxc2 10. Qxc2 Bb7 11. Bg5 Nxe4 12. Qd3 Nxg5 13. Nxg5 h6 14. Nge4 f5 15. Nd2 Qf4 16. Rfe1 Bd6 17. g3 Qg4 18. d5 Qh3 19. Nc4 Bc5 20. Re2 0-0 21. Ne5 Rad8 22. Ng6 Rfe8 23. Nf4 Qg4 24. h3 Qg5 25. Rae1 Qf6 26. dxe6 dxe6 27. Qc4 Rd4 28. Qb5 Qf7 29. Nxe6 Rb4 30. Qd3 Be4 31. Nxc5 Bxd3 32. Rxe8+ Kh7 33. Nxd3 Rd4 34. R8e7 Qg6 35. Ne5 Qh5 36. Kg2 Rd2 37. Nd7 Rd6 38. Ne2 f4 39. Nxf4 Qb5 40. Nf8+ Kg8 41. Re8 Qxb2 42. N8g6+ Kf7 43. Rf8# 1-0

[Event "Sofia MGU op 09th"]
[Site "Sofia"]
[Date "2010.07.03"]
[Round "3"]
[White "Popov, Ilian"]
[Black "Raykov, Stefan"]
[Result "1-0"]
[WhiteElo "2247"]
[BlackElo "1705"]
[PlyCount "45"]
[EventDate "2010.07.03"]
[EventType "swiss"]
[EventRounds "6"]
[EventCountry "BUL"]
[SourceTitle "CBM 137 Extra"]
[Source "ChessBase"]
[SourceDate "2010.09.01"]
[SourceVersion "1"]
[SourceVersionDate "2010.09.01"]
[SourceQuality "1"]

1. e4 e5 2. Nf3 Nc6 3. Bb5 a6 4. Ba4 Nf6 5. 0-0 Be7 6. Re1 b5 7. Bb3 0-0 8. a4 Bb7 9. c3 d6 10. d4 Re8 11. Nbd2 exd4 12. cxd4 Nb4 13. Ng5 Nd3 14. Nxf7 Qb8 15. Nxd6+ Kf8 16. Nxe8 Nxe1 17. Nxf6 Bxf6 18. Qxe1 Bxd4 19. Nf3 Bc5 20. Qc3 Qa7 21. axb5 Bxf2+ 22. Kh1 Rd8 23. Qxc7 1-0

[Event "BUL-chT-B 60th"]
[Site "Albena"]
[Date "2010.06.02"]
[Round "9.1"]
[White "Ivanov, Bogidar"]
[Black "Popov, Ilian"]
[Result "1/2-1/2"]
[WhiteElo "2173"]
[BlackElo "2248"]
[PlyCount "61"]
[EventDate "2010.05.27"]
[EventType "team-tourn"]
[EventRounds "9"]
[EventCountry "BUL"]
[SourceTitle "CBM 136 Extra"]
[Source "ChessBase"]
[SourceDate "2010.07.02"]
[SourceVersion "2"]
[SourceVersionDate "2010.07.15"]
[SourceQuality "1"]
[WhiteTeam "Jambol Tundja"]
[BlackTeam "Dobrich Energiya 21"]
[WhiteTeamCountry "BUL"]
[BlackTeamCountry "BUL"]

1. e4 c5 2. Nf3 e6 3. d4 cxd4 4. Nxd4 a6 5. Bd3 Qc7 6. 0-0 Nf6 7. c4 Bd6 8. h3 Nc6 9. Nxc6 dxc6 10. Nc3 h5 11. Qe2 Bh2+ 12. Kh1 Be5 13. Nd1 Ng4 14. f4 Bd4 15. Ne3 Nf6 16. Rb1 Bd7 17. Nc2 c5 18. Nxd4 cxd4 19. b3 Bc6 20. Bd2 h4 21. Be1 Nh5 22. Qg4 Ng3+ 23. Bxg3 hxg3 24. Qxg3 0-0-0 25. b4 Rdg8 26. c5 g5 27. Kh2 g4 28. h4 Qd8 29. Kg1 Rxh4 30. Rf2 Rgh8 31. Kf1 1/2-1/2

[Event "BUL-chT-B 60th"]
[Site "Albena"]
[Date "2010.05.31"]
[Round "7.2"]
[White "Popov, Ilian"]
[Black "Ivanov, Borislav"]
[Result "0-1"]
[WhiteElo "2248"]
[BlackElo "2173"]
[PlyCount "140"]
[EventDate "2010.05.27"]
[EventType "team-tourn"]
[EventRounds "9"]
[EventCountry "BUL"]
[SourceTitle "CBM 136 Extra"]
[Source "ChessBase"]
[SourceDate "2010.07.02"]
[SourceVersion "2"]
[SourceVersionDate "2010.07.15"]
[SourceQuality "1"]
[WhiteTeam "Dobrich Energiya 21"]
[BlackTeam "Blagoevgrad Victory"]
[WhiteTeamCountry "BUL"]
[BlackTeamCountry "BUL"]

1. e4 c6 2. d4 d5 3. exd5 cxd5 4. Bd3 Nc6 5. Nf3 Bg4 6. c3 Nf6 7. 0-0 e6 8. Bg5 Be7 9. Nbd2 0-0 10. Re1 Rb8 11. Qa4 Bh5 12. Ne5 Bg6 13. Bxg6 hxg6 14. Nxc6 bxc6 15. b4 Qc7 16. g3 Bd6 17. Rac1 Rfe8 18. a3 Qb7 19. c4 Rec8 20. f3 Nd7 21. Be3 Nb6 22. Qc2 Nxc4 23. Nxc4 dxc4 24. Qxc4 Ra8 25. Bd2 Be7 26. Re5 Bd6 27. Re3 Be7 28. Rd3 Bf6 29. Kg2 Qd7 30. g4 Rab8 31. Bf4 Rb5 32. a4 Rd5 33. b5 c5 34. a5 Rxd4 35. Rxd4 Bxd4 36. b6 axb6 37. axb6 e5 38. Bg3 Qc6 39. Rb1 Rb8 40. Qb5 Qxb5 41. Rxb5 Rb7 42. f4 c4 43. Bf2 c3 44. Rb4 f6 45. Bxd4 exd4 46. Rxd4 Rxb6 47. Rc4 Rb2+ 48. Kg3 c2 49. Rc7 Kf8 50. h4 Ke8 51. h5 gxh5 52. gxh5 Kd8 53. Rc4 Kd7 54. Kf3 Ke6 55. Rc7 Kd6 56. Rc8 Kd5 57. Ke3 Rb3+ 58. Kd2 Rh3 59. Rc7 Rxh5 60. Kxc2 Ke4 61. Rxg7 Kxf4 62. Kd2 Re5 63. Rg8 f5 64. Rg7 Kf3 65. Rg8 f4 66. Rg7 Kf2 67. Rg4 Kf3 68. Rg7 Kf2 69. Kc2 f3 70. Rg8 Ke2 0-1

[Event "BUL-chT-B 60th"]
[Site "Albena"]
[Date "2010.05.27"]
[Round "1.5"]
[White "Gochev, Mladen"]
[Black "Popov, Ilian"]
[Result "0-1"]
[WhiteElo "2229"]
[BlackElo "2248"]
[PlyCount "62"]
[EventDate "2010.05.27"]
[EventType "team-tourn"]
[EventRounds "9"]
[EventCountry "BUL"]
[SourceTitle "CBM 136 Extra"]
[Source "ChessBase"]
[SourceDate "2010.07.02"]
[SourceVersion "2"]
[SourceVersionDate "2010.07.15"]
[SourceQuality "1"]
[WhiteTeam "Dobrich Albena"]
[BlackTeam "Dobrich Energiya 21"]
[WhiteTeamCountry "BUL"]
[BlackTeamCountry "BUL"]

1. e4 c5 2. Nc3 e6 3. Nge2 a6 4. d4 cxd4 5. Nxd4 Qc7 6. g3 Nf6 7. Bg2 Nc6 8. 0-0 h5 9. Nb3 h4 10. Bf4 d6 11. a4 Be7 12. a5 Nd7 13. Qe2 Nce5 14. Bc1 hxg3 15. hxg3 g5 16. f4 gxf4 17. gxf4 Ng6 18. Rf3 Nf6 19. Rh3 Rxh3 20. Bxh3 Bd7 21. Be3 0-0-0 22. Nd2 Rg8 23. Kf2 d5 24. Rg1 Rh8 25. Qf3 dxe4 26. Ndxe4 Bc6 27. Bxe6+ fxe6 28. Rxg6 Bxe4 29. Nxe4 Qxc2+ 30. Kg1 Nxe4 31. f5 Qb1+ 0-1

[Event "Sofia CSKA sf"]
[Site "Sofia"]
[Date "2010.03.14"]
[Round "5"]
[White "Orev, Petar"]
[Black "Popov, Ilian"]
[Result "1/2-1/2"]
[WhiteElo "2243"]
[BlackElo "2248"]
[PlyCount "67"]
[EventDate "2010.03.13"]
[EventType "swiss"]
[EventRounds "6"]
[EventCountry "BUL"]
[SourceTitle "CBM 135 Extra"]
[Source "ChessBase"]
[SourceDate "2010.05.04"]
[SourceVersion "1"]
[SourceVersionDate "2010.05.04"]
[SourceQuality "1"]

1. e4 c5 2. c4 Nc6 3. Ne2 g6 4. d4 cxd4 5. Nxd4 Bg7 6. Be3 Nf6 7. Nc3 d6 8. Be2 0-0 9. 0-0 Kh8 10. h3 Ng8 11. Rc1 f5 12. exf5 gxf5 13. f4 a6 14. Bf3 Nxd4 15. Bxd4 e5 16. fxe5 dxe5 17. Bc5 Re8 18. Bh5 Be6 19. Bxe8 Qxe8 20. Nd5 Qc6 21. Bf2 Rd8 22. Qh5 Qa4 23. Bh4 Rf8 24. a3 Qb3 25. Qe2 e4 26. Qc2 Qxb2 27. Qxb2 Bxb2 28. Rb1 Bd4+ 29. Bf2 Bxf2+ 30. Kxf2 b5 31. Nb6 bxc4 32. Rbc1 Rb8 33. Nxc4 Rb3 34. a4 1/2-1/2

[Event "Sofia CSKA op 16th"]
[Site "Sofia"]
[Date "2009.09.12"]
[Round "2"]
[White "Popov, Ilian"]
[Black "Krustev, Goran"]
[Result "0-1"]
[WhiteElo "2233"]
[BlackElo "2056"]
[PlyCount "38"]
[EventDate "2009.09.12"]
[EventType "swiss (rapid)"]
[EventRounds "6"]
[EventCountry "BUL"]
[SourceTitle "CBM 132 Extra"]
[Source "ChessBase"]
[SourceDate "2009.11.03"]
[SourceVersion "1"]
[SourceVersionDate "2009.11.03"]
[SourceQuality "1"]

1. e4 c5 2. Nf3 Nc6 3. d4 cxd4 4. Nxd4 g6 5. Nc3 Bg7 6. Be3 Qa5 7. Be2 Qb4 8. Ndb5 Qxb2 9. Rb1 Bxc3+ 10. Kf1 Qxa2 11. Nc7+ Kd8 12. Nxa8 e5 13. g3 Nd4 14. Kg2 Ne7 15. Bg5 Qe6 16. Bg4 Qc6 17. f3 h5 18. Bh3 b5 19. Qd3 Bb7 0-1